[Event "Mechanics' Winter TNM; 30/90, SD/30"]
[Site "San Francisco"]
[Date "2010.01.26"]
[Round "4.5"]
[White "Shakhnazarov, Oleg"]
[Black "Krasnov, Steven"]
[Result "1-0"]
[WhiteElo "2184"]
[BlackElo "1913"]
[PlyCount "63"]
[EventDate "2010.??.??"]

1. e4 g6 2. d4 Bg7 3. Nf3 c5 4. d5 d6 5. h3 Bd7 6. Nbd2 b5 7. c3 a5 8. Bd3 Na6
9. O-O Nf6 10. e5 dxe5 11. Nxe5 c4 12. Bc2 Nxd5 13. Nxd7 Qxd7 14. Nxc4 Nc5 15.
Ne3 Rd8 16. Qf3 Nxe3 17. Bxe3 Qc7 18. Rad1 O-O 19. Rd5 Rxd5 20. Qxd5 Rc8 21.
Rd1 e6 22. Qg5 h6 23. Qh4 Kh7 24. g4 Qe5 25. g5 Na6 26. gxh6 Bf6 27. Qg4 Rc4
28. Rd4 Rxd4 29. cxd4 Qc7 30. Qf3 Nb4 31. Qxf6 Nxc2 32. Qg7# 1-0

[Event "Mechanics' Winter TNM; 30/90, SD/30"]
[Site "San Francisco"]
[Date "2010.02.09"]
[Round "6.2"]
[White "Shakhnazarov, Oleg"]
[Black "Manvelyan, Hayk"]
[Result "1-0"]
[WhiteElo "2184"]
[BlackElo "2074"]
[PlyCount "55"]
[EventDate "2010.??.??"]

1. d4 d5 2. Nf3 e6 3. Bf4 Bd6 4. Bg3 f5 5. e3 Nf6 6. Nbd2 O-O 7. Be2 c6 8. c4
Qe7 9. a3 Nbd7 10. Qc2 Ne4 11. Nxe4 fxe4 12. Nd2 Nf6 13. O-O-O e5 14. Nb3 Ng4
15. Rdf1 exd4 16. Nxd4 Bxg3 17. Bxg4 Bxf2 18. Rxf2 Bxg4 19. cxd5 Rxf2 20. Qxf2
Qc5+ 21. Kb1 Qxd5 22. Qf4 Bh5 23. Nf5 Kh8 24. g4 Bf7 25. Qg5 Bg6 26. Rg1 Qe5
27. Rd1 Bxf5 28. Rd8+ 1-0

[Event "Mechanics' Winter TNM; 30/90, SD/30"]
[Site "San Francisco"]
[Date "2010.02.02"]
[Round "5.3"]
[White "Shakhnazarov, Oleg"]
[Black "Todortsev, Victor"]
[Result "1-0"]
[WhiteElo "2184"]
[BlackElo "1955"]
[PlyCount "83"]
[EventDate "2010.??.??"]

1. e4 e5 2. Nf3 Nc6 3. Bb5 a6 4. Ba4 d6 5. c4 f5 6. d3 Nf6 7. Nc3 Be7 8. Qb3
fxe4 9. dxe4 O-O 10. c5+ Kh8 11. Bxc6 bxc6 12. h3 Nh5 13. Ne2 Qe8 14. g4 Nf4
15. Bxf4 exf4 16. cxd6 cxd6 17. O-O-O Qg6 18. Ned4 Bf6 19. Nf5 d5 20. e5 Bd8
21. Qa3 Kg8 22. N3d4 Bxf5 23. gxf5 Qe8 24. Qd6 Be7 25. Qe6+ Qf7 26. Rhg1 Bc5
27. f6 g6 28. Qg4 Bxd4 29. Rxd4 Rfe8 30. Qxf4 Qe6 31. h4 Ra7 32. Rg5 c5 33. Ra4
Kh8 34. h5 gxh5 35. Rxh5 c4 36. Ra3 Rg8 37. Qf5 Re8 38. Qxe6 Rxe6 39. Ra5 Rd7
40. Rc5 Re8 41. e6 Rdd8 42. e7 1-0

[Event "Mechanics' Winter TNM; 30/90, SD/30"]
[Site "San Francisco"]
[Date "2010.02.16"]
[Round "7.13"]
[White "Sherwood, Peter"]
[Black "Ramachandran, Jayakrishnan"]
[Result "1-0"]
[WhiteElo "1697"]
[BlackElo "1945"]
[PlyCount "117"]
[EventDate "2010.??.??"]

1. e4 e5 2. Nf3 Nc6 3. Bb5 a6 4. Ba4 Nf6 5. O-O Be7 6. Re1 b5 7. Bb3 d6 8. c3
Bg4 9. d3 O-O 10. Nbd2 Na5 11. Bc2 c5 12. Nf1 h6 13. h3 Bd7 14. Ng3 Nh7 15. Nf5
Re8 16. Nxe7+ Qxe7 17. d4 Rad8 18. d5 Nb7 19. Re3 Rf8 20. a4 b4 21. Qd3 a5 22.
Qa6 Rb8 23. Qc4 Rfc8 24. Bd2 Nf8 25. Kh2 Ng6 26. g3 Nd8 27. h4 Bg4 28. Kg2 Qd7
29. Rh1 Ne7 30. Nh2 Bh3+ 31. Kg1 f5 32. Rf3 Bg4 33. Nxg4 fxg4 34. Re3 Nf7 35.
Kg2 Rf8 36. Rf1 h5 37. Bd1 g5 38. Rh1 Qe8 39. f3 gxh4 40. fxg4 hxg4 41. Rxh4
Ng6 42. Rxg4 Nh6 43. Rg5 Kh7 44. Re1 Qf7 45. Qe2 Qf6 46. Rh1 Kg7 47. Rgh5 bxc3
48. Bxh6+ Kg8 49. bxc3 Rf7 50. Rf5 Qe7 51. Rxf7 Qxf7 52. Rf1 Qh7 53. Qh5 Rb2+
54. Rf2 Rb1 55. Bg4 Nf4+ 56. gxf4 Qxe4+ 57. Bf3 Rg1+ 58. Kxg1 Qe1+ 59. Kg2 1-0

[Event "Mechanics' Winter TNM; 30/90, SD/30"]
[Site "San Francisco"]
[Date "2010.01.26"]
[Round "4.12"]
[White "Shnaiderman, Lazar"]
[Black "Bultman, Charles"]
[Result "0-1"]
[WhiteElo "1873"]
[BlackElo "1714"]
[PlyCount "72"]
[EventDate "2010.??.??"]

1. d4 Nf6 2. c4 c5 3. d5 e6 4. Nc3 g6 5. Nf3 Bg7 6. e4 d6 7. Be2 O-O 8. O-O Na6
9. h3 Nc7 10. Be3 exd5 11. cxd5 Qe8 12. Nd2 b5 13. Bf3 a5 14. Bf4 Qd8 15. Re1
b4 16. Bxd6 Qxd6 17. e5 Qa6 18. exf6 Bxf6 19. Na4 Rb8 20. Ne4 Bd4 21. Nexc5
Bxc5 22. Nxc5 Qf6 23. Rc1 Nb5 24. Nd3 Bf5 25. Ne5 Rfd8 26. Nc6 Qxb2 27. Nxb8
Rxb8 28. Qe2 Qxe2 29. Rxe2 Nd4 30. Rd2 Nxf3+ 31. gxf3 a4 32. d6 Kf8 33. Kh2 b3
34. axb3 axb3 35. Rb2 Ke8 36. Rc7 Rb6 {The scoresheets end here with White
having the advantage but he later blundered and last.} 0-1

[Event "Mechanics' Winter TNM; 30/90, SD/30"]
[Site "San Francisco"]
[Date "2010.02.09"]
[Round "6.13"]
[White "Shnaiderman, Lazar"]
[Black "Capdeville, Barry"]
[Result "1-0"]
[WhiteElo "1873"]
[BlackElo "1133"]
[PlyCount "67"]
[EventDate "2010.??.??"]

1. d4 Nf6 2. c4 c5 3. d5 e6 4. Nc3 exd5 5. cxd5 d6 6. Nf3 g6 7. Bf4 a6 8. a4
Bg7 9. e4 Bg4 10. Be2 O-O 11. O-O Bxf3 12. Bxf3 Nbd7 13. Bxd6 Re8 14. Bf4 Ne5
15. Bxe5 Rxe5 16. Re1 Bf8 17. g3 Bd6 18. Bg2 Re8 19. f4 Nh5 20. e5 Bf8 21. a5
b5 22. d6 Ra7 23. Nd5 Ng7 24. Nf6+ Kh8 25. Nxe8 Qxe8 26. Qd5 Ne6 27. Bh3 Nd4
28. Rac1 Ne6 29. Bxe6 fxe6 30. Qxc5 Ra8 31. Qc6 Qd8 32. Qc7 Qxc7 33. Rxc7 Kg8
34. b4 1-0

[Event "Mechanics' Winter TNM; 30/90, SD/30"]
[Site "San Francisco"]
[Date "2010.02.16"]
[Round "7.8"]
[White "Shnaiderman, Lazar"]
[Black "Gaffagan, Steven"]
[Result "0-1"]
[WhiteElo "1873"]
[BlackElo "2016"]
[PlyCount "70"]
[EventDate "2010.??.??"]

1. d4 Nf6 2. c4 g6 3. Nc3 Bg7 4. e4 d6 5. Be2 O-O 6. Bg5 Nbd7 7. Qd2 e5 8. d5
Nc5 9. f3 a5 10. Bd3 c6 11. Bc2 a4 12. Nge2 h6 13. Bxh6 Nfxe4 14. Nxe4 Nxe4 15.
Bxe4 Qh4+ 16. g3 Qxh6 17. Qxh6 Bxh6 18. dxc6 bxc6 19. Bxc6 Rb8 20. Bxa4 Rxb2
21. Kf2 Bf5 22. Rhd1 Ra8 23. Bc6 Ra3 24. Be4 Re3 25. Re1 Bxe4 26. fxe4 Rxe4 27.
a4 Rxc4 28. a5 Rcc2 29. a6 Ra2 30. Rab1 Rxa6 31. Rb8+ Kg7 32. Kf3 f5 33. Reb1
Raa2 34. R1b7+ Kf6 35. Rh8 e4+ 0-1

[Event "Mechanics' Winter TNM; 30/90, SD/30"]
[Site "San Francisco"]
[Date "2010.01.12"]
[Round "2.3"]
[White "Shnaiderman, Lazar"]
[Black "Margulis, Igor"]
[Result "1/2-1/2"]
[WhiteElo "1873"]
[BlackElo "2128"]
[PlyCount "86"]
[EventDate "2010.??.??"]

1. d4 g6 2. e4 Bg7 3. Nc3 c6 4. Nf3 d5 5. Be2 Bg4 6. Be3 dxe4 7. Nxe4 Nh6 8. c3
Nf5 9. O-O Nxe3 10. fxe3 O-O 11. Nf2 Bc8 12. e4 Nd7 13. Qd2 e5 14. Rad1 Qe7 15.
Rfe1 exd4 16. cxd4 a5 17. a4 Rd8 18. Qc2 Nf8 19. b3 Ne6 20. e5 Nf4 21. Bc4 Bf5
22. Qc3 h5 23. Ne4 Nd5 24. Bxd5 Rxd5 25. Nd6 Bg4 26. Nc4 Rad8 27. Nb6 Bxf3 28.
gxf3 Qg5+ 29. Kh1 Bf8 30. Nxd5 Rxd5 31. Qe3 Qf5 32. Qe4 Qe6 33. Qc2 Qh3 34. Qe4
Bb4 35. Rg1 Qe6 36. f4 Kf8 37. Rg5 Rd7 38. Rg3 Qd5 39. Qxd5 Rxd5 40. Rgd3 Ke7
41. Kg2 Ke6 42. Kf3 Kf5 43. Rg1 Be7 1/2-1/2

[Event "Mechanics' Winter TNM; 30/90, SD/30"]
[Site "San Francisco"]
[Date "2010.01.26"]
[Round "4.16"]
[White "Standen, Julian"]
[Black "Blum, Paul"]
[Result "1-0"]
[WhiteElo "1733"]
[BlackElo "629"]
[PlyCount "83"]
[EventDate "2010.??.??"]

1. d4 d5 2. Nf3 Bf5 3. e3 c6 4. c4 e6 5. Qb3 Qb6 6. c5 Qxb3 7. axb3 Nd7 8. Nc3
Bc2 9. b4 Bb3 10. Ra3 Bc2 11. Kd2 Bg6 12. Bd3 Bxd3 13. Kxd3 Ngf6 14. h3 g6 15.
b5 Bg7 16. bxc6 bxc6 17. Bd2 O-O 18. Rha1 Rfb8 19. Bc1 Rb7 20. Ra6 Nb8 21. R6a4
a6 22. Ne5 Nfd7 23. Nxd7 Rxd7 24. b4 e5 25. Ne2 e4+ 26. Kc2 f5 27. Nc3 h5 28.
b5 cxb5 29. Nxb5 Rb7 30. Nc3 f4 31. Nxd5 fxe3 32. fxe3 Rf7 33. Kc3 Rf2 34. R4a2
Rxa2 35. Rxa2 Nc6 36. Kc4 Kf7 37. Nb4 Nxb4 38. Kxb4 a5+ 39. Rxa5 Rxa5 40. Kxa5
Bf8 41. Kb6 Ke6 42. c6 1-0

[Event "Mechanics' Winter TNM; 30/90, SD/30"]
[Site "San Francisco"]
[Date "2010.02.16"]
[Round "7.14"]
[White "Standen, Julian"]
[Black "Litowsky, Daniel"]
[Result "0-1"]
[WhiteElo "1733"]
[BlackElo "1705"]
[PlyCount "82"]
[EventDate "2010.??.??"]

1. d4 d5 2. Nf3 Nf6 3. Bf4 Bf5 4. e3 Nbd7 5. c4 c6 6. Nc3 h6 7. h3 e6 8. Qb3
Qb6 9. c5 Qxb3 10. axb3 a6 11. b4 Be7 12. b5 O-O 13. bxa6 bxa6 14. Kd2 Nb8 15.
Ne5 Ne4+ 16. Nxe4 Bxe4 17. f3 Bf5 18. g4 Bh7 19. Bd3 Bxd3 20. Nxd3 Rd8 21. h4
f6 22. Bg3 Ra7 23. f4 Rb7 24. Kc3 Rb5 25. b4 Rd7 26. Ra4 Bd8 27. Be1 Rdb7 28.
Bd2 a5 29. Rb1 Na6 30. Kc2 Nxb4+ 31. Nxb4 axb4 32. Kb3 Bc7 33. Rba1 Kf7 34. Ra6
e5 35. f5 exd4 36. Rxc6 dxe3 37. Bxe3 Be5 38. Rb6 R5xb6 39. cxb6 Bxa1 40. Kxb4
d4 41. Bf4 Rxb6+ 0-1

[Event "Mechanics' Winter TNM; 30/90, SD/30"]
[Site "San Francisco"]
[Date "2010.01.12"]
[Round "2.20"]
[White "Starr, Albert"]
[Black "Campers, Willie"]
[Result "0-1"]
[WhiteElo "1500"]
[BlackElo "1693"]
[PlyCount "68"]
[EventDate "2010.??.??"]

1. e4 e6 2. d4 d5 3. e5 c5 4. Nf3 Nc6 5. Bf4 cxd4 6. Nxd4 Qb6 7. Nb3 a5 8. a4
Nge7 9. Bb5 Bd7 10. Qe2 Ng6 11. Bg3 Bb4+ 12. N1d2 O-O 13. O-O Rfd8 14. c3 Be7
15. Nf3 Na7 16. Nbd4 Nxb5 17. Nxb5 Rac8 18. Rfd1 Rc4 19. b3 Re4 20. Qd3 h5 21.
Nd2 h4 22. Nxe4 dxe4 23. Qxe4 hxg3 24. hxg3 Bc6 25. Qe2 Qc5 26. Rxd8+ Bxd8 27.
Re1 Qd5 28. f4 Qxb3 29. Qd1 Bb6+ 30. Nd4 Qxc3 31. Kh2 Qxd4 32. Qc2 Qxa4 33. Qb1
Qd4 34. Rd1 Qf2 0-1

[Event "Mechanics' Winter TNM; 30/90, SD/30"]
[Site "San Francisco"]
[Date "2010.02.02"]
[Round "5.21"]
[White "Starr, Albert"]
[Black "Macintyre, Brendan"]
[Result "0-1"]
[WhiteElo "1500"]
[BlackElo "1681"]
[PlyCount "106"]
[EventDate "2010.??.??"]

1. e4 c5 2. f4 Nc6 3. Nf3 d6 4. Be2 Nf6 5. d3 g6 6. O-O Bg7 7. c3 O-O 8. h3 b5
9. Be3 Bb7 10. Nbd2 Rc8 11. a3 e6 12. Rc1 a5 13. b3 Qd7 14. e5 Nd5 15. Bf2 Nxf4
16. exd6 Nxe2+ 17. Qxe2 Nd8 18. Ne4 Bxe4 19. dxe4 c4 20. b4 axb4 21. axb4 e5
22. Rfd1 Rc6 23. Rd5 Re8 24. Rcd1 Ra6 25. Qd2 Re6 26. Bc5 f6 27. Qf2 Nb7 28.
R5d2 Nxd6 29. Ra2 Rxa2 30. Qxa2 Qc6 31. Rxd6 Rxd6 32. Bxd6 Qxd6 33. Qa8+ Bf8
34. Qb7 Qd1+ 35. Kh2 Qc1 36. Qxb5 Qxc3 37. Qd5+ Kg7 38. b5 Qb4 39. Qc6 c3 40.
b6 c2 41. Qxc2 Qxb6 42. Nd2 Bc5 43. Nc4 Qc6 44. Qd3 Bd4 45. Nd2 h5 46. Nf3 Bf2
47. Qe2 Qb6 48. Qd2 h4 49. Qd7+ Kh6 50. Qe8 Bg3+ 51. Kh1 Qb1+ 52. Ng1 Bf2 53.
Qf8+ Kg5 0-1

[Event "Mechanics' Winter TNM; 30/90, SD/30"]
[Site "San Francisco"]
[Date "2010.02.16"]
[Round "7.20"]
[White "Starr, Albert"]
[Black "Salvo, Tab"]
[Result "0-1"]
[WhiteElo "1500"]
[BlackElo "1744"]
[PlyCount "64"]
[EventDate "2010.??.??"]

1. e4 c5 2. f4 e6 3. Nf3 d6 4. Be2 a6 5. O-O Nc6 6. d3 Qc7 7. g3 Nf6 8. Kg2 Be7
9. Be3 b5 10. Nbd2 Bb7 11. a3 O-O 12. h3 e5 13. Nh2 d5 14. f5 Rad8 15. Bf3 Nd4
16. Qb1 Nxf3 17. Nhxf3 dxe4 18. Ne1 exd3+ 19. Kh2 dxc2 20. Qxc2 c4 21. Rc1 Qc6
22. Nb1 Rd7 23. Nf3 Bd6 24. Rf2 Nh5 25. Rg1 Bc7 26. Qe2 Nf6 27. Rc1 Rd3 28. Bd2
Rxf3 29. Bb4 Rd8 30. Be7 Rxf2+ 31. Qxf2 Ne4 32. Qf3 Rd3 0-1

[Event "Mechanics' Winter TNM; 30/90, SD/30"]
[Site "San Francisco"]
[Date "2010.01.05"]
[Round "2.1"]
[White "Thornally, Frank"]
[Black "Kleiman, Charles"]
[Result "1-0"]
[WhiteElo "2208"]
[BlackElo "1737"]
[PlyCount "85"]
[EventDate "2010.??.??"]

1. Nf3 Nf6 2. c4 c5 3. Nc3 d6 4. d4 cxd4 5. Nxd4 Nc6 6. e4 g6 7. Be2 Bg7 8. Nc2
O-O 9. O-O a6 10. Be3 Qc7 11. Rc1 e6 12. Qd2 b6 13. Rfd1 Rd8 14. Bg5 Rd7 15.
Ne3 Bb7 16. a3 Ne8 17. Ncd5 exd5 18. cxd5 f6 19. dxc6 Bxc6 20. Bc4+ Kf8 21. Bd5
fxg5 22. Bxc6 Qd8 23. Bxd7 Qxd7 24. Qd5 Ra7 25. Qxg5 Bxb2 26. Rb1 Bxa3 27. Rxb6
Bc5 28. Rb8 Qc7 29. Qh6+ Qg7 30. Qh3 Qd7 31. Qg3 Qe6 32. Qh4 Qe7 33. Qh6+ Qg7
34. Qxg7+ Rxg7 35. Nd5 Rf7 36. Rd2 a5 37. Ra8 Rb7 38. g3 Ra7 39. Rxa7 Bxa7 40.
Ra2 Kf7 41. Rxa5 Bc5 42. Kg2 Ng7 43. Rb5 1-0

[Event "Mechanics' Winter TNM; 30/90, SD/30"]
[Site "San Francisco"]
[Date "2010.02.16"]
[Round "7.4"]
[White "Thornally, Frank"]
[Black "Sanguinetti, George"]
[Result "1/2-1/2"]
[WhiteElo "2208"]
[BlackElo "1980"]
[PlyCount "82"]
[EventDate "2010.??.??"]

1. c4 g6 2. g3 c6 3. Bg2 d6 4. d4 f5 5. Nc3 Nh6 6. Nf3 Nf7 7. e4 Bg7 8. O-O O-O
9. Re1 e5 10. dxe5 dxe5 11. Be3 Be6 12. Qa4 Qc7 13. Rad1 Nd7 14. Bh3 Rae8 15.
Qc2 f4 16. Bxe6 Rxe6 17. Bc1 g5 18. g4 Nf6 19. h3 h5 20. Nh2 hxg4 21. hxg4 Nd6
22. c5 Nf7 23. Qb3 Qe7 24. Qc4 Kh7 25. b4 Rh8 26. Kg2 Kg8 27. Rh1 Bf8 28. Rdg1
Nd7 29. Nf3 Reh6 30. Rxh6 Rxh6 31. Rh1 Rxh1 32. Kxh1 Kg7 33. a3 Kf6 34. Nd2 Nh6
35. f3 Qh7 36. Kg2 Nf7 37. Qd3 Nd8 38. Nc4 Ne6 39. Ne2 b6 40. cxb6 axb6 41. Bb2
Qe7 1/2-1/2

[Event "Mechanics' Winter TNM; 30/90, SD/30"]
[Site "San Francisco"]
[Date "2010.01.19"]
[Round "3.5"]
[White "Thornally, Frank"]
[Black "Shnaiderman, Lazar"]
[Result "1-0"]
[WhiteElo "2208"]
[BlackElo "1873"]
[PlyCount "45"]
[EventDate "2010.??.??"]

1. Nf3 Nf6 2. c4 c5 3. Nc3 e6 4. d4 cxd4 5. Nxd4 Nc6 6. Ndb5 d5 7. cxd5 a6 8.
dxc6 Qxd1+ 9. Kxd1 axb5 10. Nxb5 Ne4 11. Be3 Kd8 12. Bb6+ Ke7 13. f3 Ra6 14.
Na7 Rxb6 15. Nxc8+ Kd8 16. Nxb6 Nf2+ 17. Kc2 Nxh1 18. cxb7 Kc7 19. Nd7 Kxb7 20.
Nxf8 Rxf8 21. e4 Nf2 22. Bc4 f5 23. Rf1 1-0

[Event "Mechanics' Winter TNM; 30/90, SD/30"]
[Site "San Francisco"]
[Date "2010.02.02"]
[Round "5.2"]
[White "Thornally, Frank"]
[Black "Traub, Igor"]
[Result "1-0"]
[WhiteElo "2208"]
[BlackElo "2046"]
[PlyCount "59"]
[EventDate "2010.??.??"]

1. Nf3 Nf6 2. c4 g6 3. g3 d6 4. Bg2 Bg7 5. Nc3 O-O 6. O-O e5 7. d3 Nc6 8. Rb1
Bg4 9. b4 Qd7 10. Re1 h6 11. b5 Ne7 12. Nd2 c6 13. bxc6 bxc6 14. Qa4 Bh3 15.
Bxh3 Qxh3 16. Rb7 Ng4 17. Nf1 Rae8 18. e3 f5 19. Ne2 g5 20. f3 f4 21. exf4 exf4
22. Nxf4 gxf4 23. c5 Ne5 (23... Nxh2 $1) 24. Qb3+ d5 25. d4 Nxf3+ 26. Qxf3
Bxd4+ 27. Kh1 Ng6 28. Qd3 Re4 29. Rxe4 dxe4 $4 (29... f3 $1) 30. Qc4+ 1-0

[Event "Mechanics' Winter TNM; 30/90, SD/30"]
[Site "San Francisco"]
[Date "2010.02.23"]
[Round "8.8"]
[White "Todortsev, Victor"]
[Black "Dembling, Arthur"]
[Result "1-0"]
[WhiteElo "1955"]
[BlackElo "1717"]
[PlyCount "55"]
[EventDate "2010.??.??"]

1. d4 Nf6 2. c4 e6 3. Nc3 Bb4 4. a3 Bxc3+ 5. bxc3 c5 6. e3 O-O 7. Nf3 d6 8. Bd3
Nc6 9. O-O b6 10. d5 Na5 11. e4 h6 12. h3 e5 13. Rb1 Ba6 14. Qe2 Qd7 15. Nh4
Qa4 16. Nf5 Rfd8 17. f4 Bxc4 18. Rb4 $5 {This is a wonderfully creative move
by Victor who is still playing interesting chess in his mid-70s.} Bxd3 (18...
cxb4 19. fxe5 dxe5 20. axb4) 19. Qxd3 cxb4 20. axb4 (20. fxe5 {
looks to be more accurate.} Nb3 (20... dxe5 21. Qg3 Nh5 22. Nxh6+ Kh7 23. Qxe5)
21. Bxh6 {winning}) 20... Nb7 $2 (20... Nb3 21. fxe5 Nxc1 {
might have refuted White's attack.}) 21. fxe5 dxe5 22. Bxh6 (22. Qg3 $1 Nh5 23.
Nxh6+ Kh7 24. Qxe5 {was cleaner but the text is difficult to meet as well.})
22... Nd6 {This looks like the best defence, but is still insufficient.} 23.
Bxg7 Ndxe4 24. Bxf6 Nxf6 25. Qg3+ Kf8 26. Qg7+ Ke8 27. Qxf6 Qd7 28. Qh8# 1-0

[Event "Mechanics' Winter TNM; 30/90, SD/30"]
[Site "San Francisco"]
[Date "2010.02.09"]
[Round "6.7"]
[White "Todortsev, Victor"]
[Black "Fuentes, Romulo"]
[Result "1-0"]
[WhiteElo "1955"]
[BlackElo "2177"]
[PlyCount "55"]
[EventDate "2010.??.??"]

1. d4 Nf6 2. c4 e6 3. Nc3 c5 4. d5 exd5 5. cxd5 Bd6 6. e4 Be5 7. Bd3 O-O 8. Nf3
Bxc3+ 9. bxc3 Re8 10. Qc2 Nxd5 11. O-O Nc7 12. Bg5 f6 13. Bf4 c4 14. Bxc4+ Ne6
15. e5 g5 16. Bg3 Nc6 17. Qf5 Kg7 18. Rad1 Qe7 19. Rd6 Qf7 20. Rfd1 Ne7 21.
exf6+ Qxf6 22. Qg4 Ng6 23. Bd3 Rf8 24. Bxg6 Qxg6 25. Ne5 Qf5 26. Qh5 Nc5 27.
Ng4 Ne4 28. Be5+ 1-0

[Event "Mechanics' Winter TNM; 30/90, SD/30"]
[Site "San Francisco"]
[Date "2010.01.12"]
[Round "2.15"]
[White "Todortsev, Victor"]
[Black "Gonda, Thomas"]
[Result "1-0"]
[WhiteElo "1955"]
[BlackElo "1637"]
[PlyCount "35"]
[EventDate "2010.??.??"]

1. e4 Nf6 2. Nc3 d5 3. e5 d4 4. exf6 dxc3 5. fxg7 cxd2+ 6. Bxd2 Bxg7 7. c3 Nc6
8. Qh5 Be6 9. Bf4 Nd4 10. O-O-O Bxa2 11. cxd4 c5 12. Be5 Qb6 13. Bxg7 Rc8 14.
d5 Rg8 15. Qxh7 c4 16. Qxg8+ Kd7 17. Qxf7 c3 18. Qe6+ 1-0

[Event "Mechanics' Winter TNM; 30/90, SD/30"]
[Site "San Francisco"]
[Date "2010.01.26"]
[Round "4.10"]
[White "Todortsev, Victor"]
[Black "Woebcke, Carl"]
[Result "1-0"]
[WhiteElo "1955"]
[BlackElo "1649"]
[PlyCount "41"]
[EventDate "2010.??.??"]

1. e4 c5 2. Nf3 d6 3. d4 cxd4 4. Nxd4 Nf6 5. Nc3 a6 6. Bc4 e6 7. a4 Nc6 8. Be3
Be7 9. O-O Bd7 10. f3 Rc8 11. Qe2 O-O 12. Rad1 Qa5 13. Bb3 Rc7 14. Qf2 Ne5 15.
Nf5 exf5 16. Bb6 Qb4 17. Bxc7 Rc8 18. Na2 Neg4 19. fxg4 Nxg4 20. Nxb4 Nxf2 21.
Rxf2 1-0

[Event "Mechanics' Winter TNM; 30/90, SD/30"]
[Site "San Francisco"]
[Date "2010.01.26"]
[Round "4.3"]
[White "Traub, Igor"]
[Black "Sandberg, Evan"]
[Result "1-0"]
[WhiteElo "2046"]
[BlackElo "2119"]
[PlyCount "77"]
[EventDate "2010.??.??"]

1. e4 c5 2. Nf3 Nc6 3. d3 e6 4. Nbd2 g6 5. g3 Bg7 6. Bg2 Nge7 7. O-O O-O 8. Re1
d5 9. e5 Qc7 10. Qe2 b6 11. c3 Bb7 12. h4 Rac8 13. Nf1 d4 14. c4 b5 15. cxb5
Nb4 16. a3 Nbd5 17. N1d2 a6 18. bxa6 Bxa6 19. Nc4 Nb6 20. Nd6 Rb8 21. Bg5 Na4
22. b4 Nc3 23. Qd2 Ned5 24. bxc5 Qxc5 25. Bh6 Rfd8 26. Bxg7 Kxg7 27. h5 Na4 28.
hxg6 hxg6 29. Rec1 Qa7 30. Ng5 Rb2 31. Qa5 Qb6 32. Qxa4 Nc3 33. Rxc3 dxc3 34.
Qf4 Rb1+ 35. Rxb1 Qxb1+ 36. Bf1 Rd7 37. Qf6+ Kg8 38. Ne8 Kf8 39. Qh8+ 1-0

[Event "Mechanics' Winter TNM; 30/90, SD/30"]
[Site "San Francisco"]
[Date "2010.02.23"]
[Round "8.2"]
[White "Traub, Igor"]
[Black "Shakhnazarov, Oleg"]
[Result "0-1"]
[WhiteElo "2046"]
[BlackElo "2184"]
[PlyCount "75"]
[EventDate "2010.??.??"]

1. e4 c5 2. g3 Nc6 3. d3 e6 4. Nf3 Be7 5. Bg2 g5 6. Be3 g4 7. Nfd2 h5 8. Nc3 h4
9. Qxg4 Nf6 10. Qe2 Nd4 11. Bxd4 cxd4 12. Nb5 e5 13. f4 d6 14. f5 Qb6 15. a4 a6
16. Nc4 Qd8 17. Nba3 b5 18. Nd2 Bd7 19. Bf3 Nh7 20. Nab1 Bg5 21. axb5 axb5 22.
Rxa8 Qxa8 23. Na3 Ke7 24. Nb3 Nf6 25. O-O hxg3 26. hxg3 Qg8 27. Qg2 Be3+ 28.
Rf2 Ng4 29. Bxg4 Qxg4 30. Nd2 Qe2 31. Nf1 f6 32. Nxe3 Qxe3 33. Qf3 Qc1+ 34. Rf1
Qxb2 35. Qg4 Rf8 36. Nb1 Qxc2 37. Qd1 Qxd1 38. Rxd1 {
Both scoresheets are illegible from this point. Black won won in 57 moves.} 0-1

[Event "Mechanics' Winter TNM; 30/90, SD/30"]
[Site "San Francisco"]
[Date "2010.01.19"]
[Round "3.4"]
[White "Traub, Igor"]
[Black "Wong, Russell"]
[Result "1-0"]
[WhiteElo "2046"]
[BlackElo "2212"]
[PlyCount "40"]
[EventDate "2010.??.??"]

1. e4 Nf6 2. d3 d5 3. Nd2 e5 4. Be2 Nc6 5. Ngf3 Bc5 6. c3 dxe4 7. dxe4 O-O 8.
O-O Qe7 9. b4 Bd6 10. a3 Nd8 11. c4 c5 12. Bb2 cxb4 13. axb4 Bxb4 14. Nxe5 Bxd2
15. Qxd2 Nxe4 16. Qd4 f6 17. Qxe4 Re8 18. Bh5 g6 19. Bxg6 hxg6 20. Qxg6+ Kf8
1-0

[Event "Mechanics' Winter TNM; 30/90, SD/30"]
[Site "San Francisco"]
[Date "2010.02.09"]
[Round "6.18"]
[White "Woebcke, Carl"]
[Black "Campers, Willie"]
[Result "0-1"]
[WhiteElo "1649"]
[BlackElo "1693"]
[PlyCount "30"]
[EventDate "2010.??.??"]

1. e4 e6 2. Nf3 d5 3. Nc3 d4 4. Ne2 c5 5. c3 Nc6 6. cxd4 cxd4 7. Ng3 e5 8. Bb5
Bd6 9. d3 Qa5+ 10. Bd2 Qxb5 11. Qc2 Bg4 12. a4 Qa6 13. Nf5 Bxf5 14. exf5 Nf6
15. O-O O-O 0-1

[Event "Mechanics' Winter TNM; 30/90, SD/30"]
[Site "San Francisco"]
[Date "2010.01.05"]
[Round "2.6"]
[White "Woebcke, Carl"]
[Black "Manvelyan, Hayk"]
[Result "0-1"]
[WhiteElo "1649"]
[BlackElo "2074"]
[PlyCount "36"]
[EventDate "2010.??.??"]

1. e4 c5 2. Nf3 Nc6 3. d4 cxd4 4. Nxd4 e5 5. Nb5 d6 6. Bc4 Be6 7. Bxe6 fxe6 8.
c4 Nf6 9. Bg5 a6 10. Bxf6 gxf6 11. Qh5+ Ke7 12. N5a3 Qb6 13. Qe2 Nd4 14. Qd2 h5
15. b4 Bh6 16. Qc3 Rhg8 17. c5 dxc5 18. bxc5 Qc6 0-1

[Event "Mechanics' Winter TNM; 30/90, SD/30"]
[Site "San Francisco"]
[Date "2010.01.19"]
[Round "3.16"]
[White "Woebcke, Carl"]
[Black "Salvo, Tab"]
[Result "1-0"]
[WhiteElo "1649"]
[BlackElo "1744"]
[PlyCount "81"]
[EventDate "2010.??.??"]

1. e4 c5 2. Nf3 d6 3. d4 cxd4 4. Nxd4 Nf6 5. Nc3 a6 6. Bc4 e6 7. Bb3 Be7 8. O-O
O-O 9. f4 Qc7 10. a4 Bd7 11. Re1 Nc6 12. Be3 Rac8 13. Bf2 Nxd4 14. Bxd4 Bc6 15.
e5 dxe5 16. fxe5 Nd7 17. Qg4 Bc5 18. Rad1 Bxd4+ 19. Rxd4 Nxe5 20. Qh5 Ng6 21.
Rg4 Qb6+ 22. Kf1 Rcd8 23. Ne4 Bxe4 24. Rgxe4 Rd2 25. Qf3 Qd6 26. Kg1 Qc5+ 27.
Kh1 Rf2 28. Qe3 Qf5 29. h3 h6 30. Rd1 Rf1+ 31. Rxf1 Qxf1+ 32. Kh2 Qf6 33. Qb6
Qe7 34. Rc4 Nh4 35. Rc7 Qg5 36. Qxb7 Qf4+ 37. Kh1 g6 38. Bxe6 Rd8 39. Bxf7+ Kf8
40. Bd5 Rxd5 41. Rc8+ 1-0

[Event "Mechanics' Winter TNM; 30/90, SD/30"]
[Site "San Francisco"]
[Date "2010.02.23"]
[Round "8.17"]
[White "Woebcke, Carl"]
[Black "Standen, Julian"]
[Result "1/2-1/2"]
[WhiteElo "1649"]
[BlackElo "1733"]
[PlyCount "107"]
[EventDate "2010.??.??"]

1. e4 c6 2. d4 d5 3. e5 Bf5 4. Nf3 e6 5. Be2 Nd7 6. O-O c5 7. c3 Ne7 8. Nh4
Bxb1 9. Rxb1 Nc6 10. Nf3 cxd4 11. cxd4 Be7 12. Be3 O-O 13. a3 Rc8 14. Qd2 Qa5
15. Rfc1 Qxd2 16. Nxd2 a6 17. b4 Na7 18. Nb3 Rxc1+ 19. Rxc1 Rc8 20. Nc5 Nxc5
21. bxc5 Kf8 22. Rb1 Rc7 23. Bd2 Nc6 24. Bc3 Ke8 25. Bd1 Kd8 26. Ba4 Kc8 27. f4
Bd8 28. Bc2 g6 29. Kf2 Re7 30. Bd3 Ba5 31. Bxa5 Nxa5 32. Ke3 Nc6 33. g4 Kc7 34.
g5 Re8 35. Rb6 Rh8 36. Rb2 h6 37. gxh6 Rxh6 38. Bf1 Ne7 39. Rd2 Nf5+ 40. Kf3
Rh4 41. h3 Kc6 42. a4 g5 43. fxg5 Nxd4+ 44. Kg3 Nf5+ 45. Kf3 Rxa4 46. Bd3 Nh4+
47. Kg3 Kxc5 48. Rc2+ Kb6 49. Rb2+ Kc7 50. Rc2+ Kd7 51. Bh7 Ng6 52. Bxg6 fxg6
53. Rf2 Ra3+ 54. Kg2 1/2-1/2